| 000 | 00728nam a2200217 i 4500 | ||
|---|---|---|---|
| 001 | 134495 | ||
| 003 | ES-MaACL | ||
| 005 | 20250831013909.0 | ||
| 007 | t| | ||
| 008 | 070911s1917 fr |||| |dfre d | ||
| 080 | _a308(73) | ||
| 080 | _a929 Whitlock, Brand | ||
| 100 | 1 |
_aWhitlock, Brand. _9116706 |
|
| 245 | 1 | 3 |
_aUn Américain d'aujourd'hui _b: scènes de la vie publique et privée aux Etats-Unis / _cBrand Whitlock ; traduit de l'anglais par Mme Henry Carton de Wiart. |
| 260 |
_aParis : _bBerger-Levrault, _c1917. |
||
| 300 |
_aX, 350 p. ; _c19 cm. |
||
| 651 | 4 |
_aEstados Unidos- _xSituación social _98575 |
|
| 700 | 1 |
_aCarton de Wiart, Juliette. _935906 |
|
| 852 |
_aES-MaACL _jF-4502 |
||
| 999 |
_c134495 _d134495 |
||